Multifactor analysis of online reputation as a tool for enhancing competitiveness of selected health care providers

Reputácia v kontexte dôvery. Klasifikácia modelov založených na dôvere a reputácii. Od imidžu k reputácii. Reputácia v online prostredí. Analýza online reputácie 25 top slovenských poskytovateľov zdravotnej starostlivosti v roku 2014 podľa hodnotení na serveroch Google, Azet a Facebook. Celková onli...

Ausführliche Beschreibung

Gespeichert in:
Bibliographische Detailangaben
1. Verfasser: Pollák, František, 1985-
Weitere Verfasser: Belovodská, Katarína
Format: Buchkapitel
Sprache:Englisch
Schlagworte:
Tags: Tag hinzufügen
Keine Tags, Fügen Sie das erste Tag hinzu!

MARC

LEADER 00000nla a2200000 4500
001 0231049
005 20240502083620.2
041 0 |a eng 
044 |a SG 
245 1 0 |a Multifactor analysis of online reputation as a tool for enhancing competitiveness of selected health care providers  |c František Pollák, Katarína Belovodská 
520 |a Reputácia v kontexte dôvery. Klasifikácia modelov založených na dôvere a reputácii. Od imidžu k reputácii. Reputácia v online prostredí. Analýza online reputácie 25 top slovenských poskytovateľov zdravotnej starostlivosti v roku 2014 podľa hodnotení na serveroch Google, Azet a Facebook. Celková online reputácia (total online reputation, TOR). Manažment online reputácie (online reputation management, ORM). 
610 2 0 |a marketing 
610 2 0 |a internet 
610 2 0 |a siete sociálne 
610 2 0 |a konkurencieschopnosť 
610 2 0 |a starostlivosť zdravotná 
610 2 0 |a zdravotníctvo 
610 2 0 |a analýza štatistická 
610 2 0 |a Slovensko 
100 1 |a Pollák, František, 1985- 
700 1 |a Belovodská, Katarína